000 02320nam a22002897a 4500
005 2011080400490.0
010 _aB-436163-167
020 _a8182634474
_c15..00
035 _aB-436163-167
037 _bब्ल्यूबेरी बुक्स
082 _a
100 _aश्यामला एस
_931242
245 _aघुमक्कड़ बादल /
_cश्यामला एस; प्रिया भोईर द्वारा चित्रांकित; अज़रा यास्मीन डांगे द्वारा हिन्दी अनुवाद
246 _aGhumakkad baadal
_bby Shyamala S.
260 _aनई दिल्ली
_bप्रथम बुक्स
_c2006
270 _a633-634, 4th "C" Main, 6th 'B' Cross, OMBR Layout, Banaswadi,
_bBangalore
_e560043
_k+91 11 41042483
300 _a12पृ.
_bसचित्र
_c13x20 सेमी (अजिल्द)
700 _928835
_aभोईर, प्रिया
700 _928836
_aविजया, के.
942 _2ddc
_cCH
_h
_mश्यामला
999 _c54570
_d54570